Най-населените държави А-Я - Statistics

General Stats
  • This quiz has been taken 44 times
  • The average score is 20 of 26
Answer Stats
Буква Население Държава % Correct
И 1 434 851 841 Индия
97%
К 1 433 710 588 Китай
97%
Р 144 208 703 Русия
97%
Б 217 007 900 Бразилия
92%
Я 122 983 326 Япония
92%
С 344 441 233 Съединени АмериканскиЩати
92%
Й 34 806 642 Йемен
89%
Т 86 029 000 Турция
89%
Г 83 277 345 Германия
83%
Н 226 299 580 Нигерия
83%
В 99 167 355 Виетнам
81%
Е 128 024 139 Етиопия
81%
З 20 833 581 Замбия
78%
Ф 118 171 547 Филипини
78%
П 242 707 718 Пакистан
75%
М 128 899 903 Мексико
72%
Ч 19 643 161 Чили
72%
Ю 60 670 589 Южна Африка
72%
У 49 210 950 Уганда
69%
Х 11 791 873 Хаити
67%
Ц 5 821 952 Централноафриканскарепублика
67%
А 45 930 340 Алжир
61%
Л 7 683 000 Лаос
61%
Д 103 821 316 Демократична републикаКонго
61%
Ш 21 921 412 Шри Ланка
56%
О 68 374 456 Обединено Кралство
28%
No matching quizzes found
Score Distribution
Percent of People with Each Score
Percentile by Number Answered
Your Score History
You have not taken this quiz